| 000 | 00736nam a2200229 i 4500 | ||
|---|---|---|---|
| 001 | 141834 | ||
| 003 | ES-MaACL | ||
| 005 | 20240104063011.0 | ||
| 007 | t| | ||
| 008 | 070928s1974 sp ||||1| spa d | ||
| 080 | _a946"1936/39" | ||
| 100 | 1 |
_aViñas, Ángel, _d1941- _9115369 |
|
| 245 | 1 | 3 |
_aLa Alemania nazi y el 18 de julio / _cAngel Viñas. |
| 260 |
_a[Madrid] : _bAlianza, _c[1974] |
||
| 300 |
_a558 p. : _bil. ; _c20 cm. |
||
| 490 | 1 |
_aAlianza universidad ; _v81 |
|
| 651 | 4 |
_aEspaña- _xHistoria- _y1936-1939, Guerra civil. _98292 |
|
| 651 |
_aAlemania- _xRelaciones- _zEspaña. _9149658 |
||
| 830 | 0 |
_aAlianza universidad ; _v81 _9177276 |
|
| 852 |
_aES-MaACL _jC-56765 _bR.89576 |
||
| 999 |
_c141834 _d141834 |
||